000 00304nam a22001217a 4500
082 _a370
_bAZA
100 _aAzam, Ikram
245 _aA Futuristic Paradigm of Education /
_cIkram Azam
260 _aIslamabad :
_bThe PFI,
_c2003.
300 _a245p. ;
_c23 cm.
563 _aHBK.
942 _2ddc
_cBK
999 _c589040
_d589040